000 00650cam a2200229 i 4500
001 4598847
005 20180809064626.0
008 760914s1977 nyua b 001 0 eng
010 _a 76039782
020 _a0471913553
040 _aDLC
_cDLC
_dDLC
041 _aeng
060 _aWF600 W131p
080 _a616.24 WAG
082 0 0 _a616.24 WAG
100 1 _a7
101 _aKAR
245 1 0 _aPathology of pulmonary hypertension /
_cC. A. Wagenvoort and Noeke Wagenvoort ; foreword by Jesse E. Edwards.
504 _aIncludes bibliographies and index.
906 _a7
_bcbc
_corignew
_d1
_eocip
_f19
_gy-gencatlg
942 _2ddc
_cBK
999 _c46970
_d46970